000 00508nam a2200169Ia 4500
003 LK-CoDNM
008 010623t2001 xxu||||| |||| 00| 1 eng d
040 _aLK-CoDNM
_dLK-CoDNM
_eLK-CoDNM
041 _aeng
_asin
080 _a8-3
_bYOU
245 _aපින්තුර මඟින් ඉංග්‍රීසි ඉගෙන ගනිමු
246 _aPinthuura magin Engreesi igena ganimu
260 _bWijaya printers
_aColombo
_c2001
300 _b32, 22 cm
650 _aLearning
942 _cBK
999 _c121288
_d121288